00596nam a2200157 i 450000100060000000300090000600500170001500700030003200800410003510000310007624501920010726000850029930000090038450200200039385200250041330041ES-MaACL20230906154129.0t|030123s1907 sp ||||1| spa d1 aBarros Arbones, Guillermo.10aAplicaciones terapéuticas deducidas del papel que en el organismo juega el cloruro sódico como agente hidropigeno / ctesis para el doctorado en medicina por Guillermo Barros Arbones. aMadrid : b[s.n., c1907] (fImp. del Asilo de Huérfanos del S. C. de Jesús) a1 v. aTesis doctoral. aES-MaACLjT-1134-F-4